000
00387nam a2200145Ia 4500
008
100122s9999 xx 000 0 und d
082
_b
4817
_a
100
100
_a
निरंतर ग भा
245
_a
शारदा विहार
260
_c
1924
300
_a
60
630
_a
शारदा विहार
730
_a
शारदा विहार
942
_c
BOOK
999
_c
398282
_d
398279